[Event "SLO-ch U18"]
[Site "Slovenia"]
[Date "1994.??.??"]
[Round "?"]
[White "Rebolj, P."]
[Black "Decman, T."]
[Result "1-0"]
[WhiteElo "1680"]
[BlackElo "1700"]
[PlyCount "49"]
[EventDate "1994.??.??"]
[EventType "swiss"]
[EventRounds "9"]
[EventCountry "SLO"]
[SourceTitle "EXT 1998"]
[Source "ChessBase"]
[SourceDate "1997.11.17"]
[SourceVersion "1"]
[SourceVersionDate "1997.11.17"]
[SourceQuality "1"]

1. e4 e5 2. Nf3 d6 3. Bc4 h6 4. d3 Nf6 5. h3 Be7 6. Be3 0-0 7. Qd2 b6 8. Nc3 c6 9. Ne2 a5 10. a3 d5 11. exd5 cxd5 12. Bb3 d4 13. Bxh6 gxh6 14. Qxh6 Qd6 15. Qg5+ Kh8 16. Nxe5 Nh7 17. Qh5 Be6 18. Bxe6 Qxe6 19. Nxd4 Qd5 20. Ng6+ fxg6 21. Qxd5 Na6 22. Ne6 Rfe8 23. 0-0 Nf6 24. Qb7 Bd6 25. Qg7# 1-0

[Event "SLO-ch U18"]
[Site "Slovenia"]
[Date "1994.??.??"]
[Round "?"]
[White "Spilak, Tomislav"]
[Black "Rebolj, P."]
[Result "1-0"]
[WhiteElo "1755"]
[BlackElo "1680"]
[PlyCount "92"]
[EventDate "1994.??.??"]
[EventType "swiss"]
[EventRounds "9"]
[EventCountry "SLO"]
[SourceTitle "EXT 1998"]
[Source "ChessBase"]
[SourceDate "1997.11.17"]
[SourceVersion "1"]
[SourceVersionDate "1997.11.17"]
[SourceQuality "1"]

1. e4 e5 2. Nf3 Nc6 3. Bc4 h6 4. Nc3 Nf6 5. d3 Bc5 6. 0-0 d6 7. h3 0-0 8. Be3 Bb6 9. Qd2 Nd4 10. Bxd4 Bxd4 11. Nxd4 exd4 12. Ne2 c5 13. f4 Be6 14. Bb3 Qe7 15. f5 Bd7 16. Nf4 Kh7 17. Rf3 Bc6 18. Re1 Rae8 19. Rg3 Qd7 20. Qf2 Re7 21. Qf3 Re5 22. Nh5 Nxh5 23. Qxh5 d5 24. Qg4 f6 25. Qg6+ Kh8 26. Rg4 Qf7 27. Qxf7 Rxf7 28. Rf1 Rfe7 29. exd5 Bxd5 30. Bxd5 Rxd5 31. Re4 Rde5 32. Rfe1 Kh7 33. g4 g5 34. Kf2 Kg7 35. Rxe5 fxe5 36. Kf3 Kf6 37. Ke4 Rd7 38. a4 a5 39. Rh1 b6 40. h4 gxh4 41. Rxh4 Kg5 42. Rh5+ Kxg4 43. Rxh6 Rf7 44. Rg6+ Kh5 45. Rxb6 Kg5 46. Rg6+ Kh5 1-0